Stray Kids Songs by Their English Lyrics - Statistics

General Stats
  • This quiz has been taken 3,875 times
  • The average score is 11 of 16
Answer Stats
Hint Answer % Correct
"Cooking like a chef, I'm a 5 star Michelin" Gods Menu
94%
"Hey, you wanna come in?" Back Door
92%
"I can feel the evil coming but Felix, never bad" Christmas Evel
91%
"Can I be your boyfriend?" Case 143
86%
"Yeah, spider, you got me locked up, ay" Venom
83%
"Kick it, kick it, kick it" S-class
74%
"Just feel the rhythm of the world" La La La
73%
"Freezing cold, but I know we'll burn forever" Thunderous
73%
"Our composition brings the competition" Megaverse
68%
"Oh, you can't resist it" Charmer
64%
"Ride on the highway to heaven" Drive
64%
"Bring out the fire" Circus
59%
"I really wanna know, yeah" Red Lights
59%
"Poppin'" Maniac
56%
"Setting up my ambitions" Domino
48%
"I ain't triggered by all means" Comflex
47%
No matching quizzes found
Score Distribution
Percent of People with Each Score
Percentile by Number Answered
Your Score History
You have not taken this quiz